Logos With a Circle - Statistics

General Stats
  • This quiz has been taken 19 times
  • The average score is 12 of 16
Answer Stats
Picture Answer % Correct
Apple
100%
Mastercard
100%
Pepsi
100%
Starbucks
100%
BMW
95%
Motorola
95%
Xbox
95%
Instagram
89%
LG
89%
Mercedes Benz
89%
Dominos
74%
Target
68%
7 up
37%
Volkswagon
37%
Bic
32%
Tide
21%
No matching quizzes found
Score Distribution
Percent of People with Each Score
Percentile by Number Answered
Your Score History
You have not taken this quiz